书目信息 |
| 题名: |
精密工程测量
|
|
| 作者: | 郑阔 , 崔有祯 主编 | |
| 分册: | ||
| 出版信息: | 北京 测绘出版社 2021.11 |
|
| 页数: | 153页 | |
| 开本: | 26cm | |
| 丛书名: | 工程测量技术专业项目教学教材 | |
| 单 册: | ||
| 中图分类: | TB22 | |
| 科图分类: | ||
| 主题词: | 工程测量--gong cheng ce liang--高等职业教育--教材 | |
| 电子资源: | ||
| ISBN: | 978-7-5030-4140-2 | |
| 000 | 01159nam 2200301 450 | |
| 001 | 96201 | |
| 005 | 20250912133313.65 | |
| 010 | @a978-7-5030-4140-2@dCNY42.00 | |
| 100 | @a20220114d2021 em y0chiy50 ea | |
| 101 | 0 | @achi |
| 102 | @aCN@b110000 | |
| 105 | @aa a 000yy | |
| 106 | @ar | |
| 200 | 1 | @a精密工程测量@Ajing mi gong cheng ce liang@d= Precise engineering survey@f郑阔, 崔有祯主编@zeng |
| 210 | @a北京@c测绘出版社@d2021.11 | |
| 215 | @a153页@c图@d26cm | |
| 225 | 2 | @a工程测量技术专业项目教学教材@Agong cheng ce liang ji shu zhuan ye xiang mu jiao xue jiao cai |
| 300 | @a国家示范性高等职业院校建设项目 | |
| 320 | @a有书目 (第152-153页) | |
| 330 | @a本书分六章, 主要内容包括: 概述 ; 精密测角测距与测量机器人 ; 精密水准测量与数字水准仪 ; 卫星精密定位测量 ; 工业测量与激光跟踪仪应用 ; 三维激光扫描技术。 | |
| 410 | 0 | @12001 @a工程测量技术专业项目教学教材 |
| 510 | 1 | @aPrecise engineering survey@zeng |
| 606 | 0 | @a工程测量@Agong cheng ce liang@x高等职业教育@j教材 |
| 690 | @aTB22@v5 | |
| 701 | 0 | @a郑阔@Azheng kuo@4主编 |
| 701 | 0 | @a崔有祯@Acui you zhen@4主编 |
| 801 | 0 | @aCN@c20250909 |
| 905 | @a河南城建学院图书馆@dTB22@eZ439 | |
| 精密工程测量= Precise engineering survey/郑阔, 崔有祯主编.-北京:测绘出版社,2021.11 |
| 153页:图;26cm.-(工程测量技术专业项目教学教材) |
| 国家示范性高等职业院校建设项目 |
| ISBN 978-7-5030-4140-2:CNY42.00 |
| 本书分六章, 主要内容包括: 概述 ; 精密测角测距与测量机器人 ; 精密水准测量与数字水准仪 ; 卫星精密定位测量 ; 工业测量与激光跟踪仪应用 ; 三维激光扫描技术。 |
| ● |
| 相关链接 |
|
|
|
正题名:精密工程测量
索取号:TB22/Z439
 
预约/预借
| 序号 | 登录号 | 条形码 | 馆藏地/架位号 | 状态 | 备注 |
| 1 | 1630680 | 216306806 | 自科库501/501自科库 5排3列3层/ [索取号:TB22/Z439] | 在馆 |